Statistics for Title in the Lyrics Quiz #1

Click here to take the quiz!

General Stats

  • This quiz has been taken 104,308 times
    (52,575 since last reset)
  • The average score is 10 of 19

Answer Stats

Song Lyric% Correct
{I} {believe} {I} {can} {fly} / I believe I can touch the sky
87%
You ain't nothin' but a {hound} {dog} / Cryin' all the time
83%
Bye-bye, Miss {American} {Pie} / Drove my chevy to the levee / But the levee was dry
81%
{Hello} from the other side / I must have called a thousand times
75%
Oh {Mickey} you're so fine / You're so fine you blow my mind
71%
{I} {shot} {the} {sheriff} / but I didn't shoot no deputy
70%
{What} {is} {love} / Baby don't hurt me / Don't hurt me no more
62%
Hey sexy lady / Op op op op oppan {Gangnam} {style}
59%
But I see your {true} {colors} shining through / I can see your {true} {colors} and that's why I love you
56%
Can't read my, can't read my, no he can't read my {poker} {face}
52%
I'm sorry {Ms}. {Jackson}, OOOH, I am for real / Never meant to make your daughter cry
44%
The only one who could ever reach me / Was the {son} {of} {a} {preacher} {man}
43%
Showin' how funky and strong is your fight / It doesn't matter who's wrong or right/ Just {beat} {it}
42%
{Love} {and} {marriage} / Go together like a horse and carriage
41%
Like a true nature's child / we were born / {born} {to} {be} {wild}
35%
Rollin' down the street smokin' endo / Sippin' on {gin} {and} {juice}
32%
But {since} {u} {been} {gone} / I can breathe for the first time
31%
{Wouldn}'{t} {it} {be} {nice} if we were older? / Then we wouldn't have to wait so long
25%
Shock me like an electric eel / Baby girl / Turn me on with your {electric} {feel}
25%

Score Distribution

Percentile by Number Answered

Percent of People with Each Score

Your Score History

You have not taken this quiz since the last reset